Correction of inner filter effect in mirror coating cells for trace level fluorescence measurements /

সংরক্ষণ করুন:
গ্রন্থ-পঞ্জীর বিবরন
প্রধান লেখক: Fanget, Bernard.
অন্যান্য লেখক: Devos, Olivier., Draye, Micheline.
বিন্যাস: প্রবন্ধ
ভাষা:English
বিষয়গুলি:
ট্যাগগুলো: ট্যাগ যুক্ত করুন
কোনো ট্যাগ নেই, প্রথমজন হিসাবে ট্যাগ করুন!
Thư viện lưu trữ: Thư viện Trường Đại học Đà Lạt
LEADER 01049nam a2200337 4500
001 DLU090097088
005 ##20091201
040 # # |a DLU  |b eng 
041 # # |a eng 
044 # # |a us 
100 # # |a Fanget, Bernard.  
245 # # |a Correction of inner filter effect in mirror coating cells for trace level fluorescence measurements /  |c Bernard Fanget, Olivier Devos, Micheline Draye. 
653 # # |a Absorption spectrometry 
653 # # |a Fluorescence spectrometry 
653 # # |a Hydrocarbon 
653 # # |a Optimization 
653 # # |a Polycyclic aromatic compound 
653 # # |a Sensitivity 
653 # # |a Trace analysis 
700 # # |a Devos, Olivier. 
700 # # |a Draye, Micheline. 
773 # # |t Analytical Chemistry  |g Vol. 75, no. 11 (June 2003), p. 2790-2795 
920 # # |a Phòng Tạp chí -- Trung tâm Thông tin - Thư viện Trường Đại học Đà Lạt 
994 # # |a DLU 
900 # # |a True 
911 # # |a Trương Bảo Trâm Anh 
925 # # |a G 
926 # # |a A 
927 # # |a BB 
980 # # |a Thư viện Trường Đại học Đà Lạt